1694 1092 1901 1094 1661 1167 1251 1337 1146 1204 1059 1360 1748 1100 1888 1803 1964 1777 1783 1358 1148 1535 1316 1035 1014 1180 1766 1874 1306 1052 1801 1774 1751 1629 1422 1976 1513 1970 1383 1291 1244 1472 1011 1522 1318 1511 1430 1883 1836 1713 1498 1828 1199 1840 1802 1980 1602 1055 1796 1932 1152 1232 1728 1762 1626 1820 1163 1135 1445 1945 1105 1292 1374 1320 1926 1284 1695 1660 1632 1985 1897 1382 1453 1421 1491 1143 1289 1303 1784 1835 1876 1788 1635 1994 1870 1524 1783 1825 1422 BCNSPRNW ULIB Ver.6.0+V

เปลี่ยนเป็นภาษาไทย

Change to English
 แสดงรายละเอียดบรรณานุกรม
  กลับหน้าหลัก

Brief Record : Get Marc (ISO 2709) : E-mail record : QR code < ปิดหน้าต่าง
LEADER : 00000nam 2200000uu 4500
001    13399111766
003     ULIB
008    110627s2552||||th 000 0 tha d
020    9786167081212
090    นว.^bบ825ย 2552
100 0  เบลล์ซาซ่า
245 00 ยั่วรัก/^cเบลล์ซาซ่า
250    พิมพ์ครั้งที่ 1
260    นนทบุรี :^bสมาร์ทบุ๊ค,^c2552
300    416 หน้า
945    ^p270^l0^i028070
995    ทศพร
999 ^a ใช้งานได้ทุกระบบ
รายการนี้ยังไม่มีแท็ก
คุณยังไม่ได้ล็อกอิน คุณสามารถมีกิจกรรมร่วมกับเว็บไซต์ได้ แต่ต้องล็อกอินก่อน ::
  ล็อกอิน

รายการสื่อสารสนเทศ

ลำดับที่ ประเภท เลขเรียก/บาร์โค้ด สถานที่ สถานะ
- ไม่พบข้อมูล -

รายการใกล้เคียง
    ผู้แต่ง [เบลล์ซาซ่า]

BibComment


ยังไม่เคยถูกคอมเมนท์

คอมเมนท์ทรัพยากรรายการนี้
  คอมเมนท์: ยั่วรัก เบลล์ซาซ่า


 Copyright 2026. Bcnsprnw @Library